000 00381nam a22001697a 4500
003 SGT
020 _a9789354661884
082 _a612
_bP24K
100 _aKAPOOR ,RAJ.
245 _aPHYSIOLOGY PRACTICAL MANUAL
250 _a4TH
260 _aNEW DELHI
_bCBS.. PUB.
_c2024
300 _a260
650 _aPHYSIOLOGY
653 _aPHYSIOLOGY, PRACTICAL, MANUAL
942 _2ddc
_cBK
999 _c29176
_d29176